[Event "MP Reykjavik Open 2011"]
[Site "Reykjavik ISL"]
[Date "2011.03.09"]
[Round "1.52"]
[White "Jonsson, Olafur Gisli"]
[Black "Sigfusson, Sigurdur"]
[Result "0-1"]
[WhiteElo "1842"]
[BlackElo "2336"]
[PlyCount "80"]
[EventDate "2011.03.09"]
[EventType "swiss"]
[EventRounds "9"]
[EventCountry "ISL"]
[Source "lmi"]
[SourceDate "2011.03.09"]

1. d4 Nf6 2. Nf3 g6 3. c4 Bg7 4. Nc3 O-O 5. Bg5 d6 6. e3 Nbd7 7. Be2 c6 8. O-O
Qc7 9. Qc2 e5 10. dxe5 dxe5 11. Nd2 a5 12. Rad1 Nc5 13. Bxf6 Bxf6 14. Nde4 Nxe4
15. Nxe4 Be7 16. c5 Bf5 17. Bd3 Rad8 18. a3 Rd5 19. b4 axb4 20. axb4 b6 21. f3
Rfd8 22. Bc4 Rxd1 23. Rxd1 Rxd1+ 24. Qxd1 Bxe4 25. fxe4 bxc5 26. bxc5 Bxc5 27.
Qd3 Qb6 28. Kf2 Qb2+ 29. Kf3 Qc1 30. Qb3 Kg7 31. Qd3 Bxe3 32. Qxe3 Qxc4 33. g4
Qf1+ 34. Kg3 Qf4+ 35. Qxf4 exf4+ 36. Kxf4 Kf6 37. e5+ Ke6 38. Ke4 g5 39. Kd4
c5+ 40. Kxc5 Kxe5 0-1

[Event "MP Reykjavik Open 2011"]
[Site "Reykjavik ISL"]
[Date "2011.03.09"]
[Round "1.53"]
[White "Getz, Nicolai"]
[Black "Karlsson, Mikael Johann"]
[Result "1-0"]
[WhiteElo "2333"]
[BlackElo "1835"]
[PlyCount "49"]
[EventDate "2011.03.09"]
[EventType "swiss"]
[EventRounds "9"]
[EventCountry "ISL"]
[Source "lmi"]
[SourceDate "2011.03.09"]

1. e4 c5 2. Nf3 e6 3. d4 cxd4 4. Nxd4 Nf6 5. Nc3 Bb4 6. e5 Nd5 7. Bd2 Nxc3 8.
bxc3 Be7 9. Bd3 O-O 10. O-O d6 11. exd6 Bxd6 12. Qh5 g6 13. Qh6 Be5 14. Rab1
Bg7 15. Qe3 e5 16. Nb5 Nc6 17. c4 Be6 18. a4 f5 19. c5 f4 20. Qe4 Qd7 21. Nd6
Nd4 22. Rxb7 Qxa4 23. Rxg7+ Kxg7 24. Qxe5+ Kg8 25. Bc3 1-0

[Event "MP Reykjavik Open 2011"]
[Site "Reykjavik ISL"]
[Date "2011.03.09"]
[Round "1.54"]
[White "Antonsson, Atli"]
[Black "Carstensen, Jacob"]
[Result "0-1"]
[WhiteElo "1830"]
[BlackElo "2332"]
[PlyCount "82"]
[EventDate "2011.03.09"]
[EventType "swiss"]
[EventRounds "9"]
[EventCountry "ISL"]
[Source "lmi"]
[SourceDate "2011.03.09"]

1. d4 Nf6 2. c4 e6 3. g3 d5 4. Bg2 Nc6 5. Nf3 dxc4 6. O-O Rb8 7. e3 b5 8. a4 a6
9. b3 cxb3 10. Qxb3 b4 11. Rd1 Be7 12. Ne5 Na5 13. Qd3 O-O 14. Bb2 Nd7 15. Nxd7
Qxd7 16. Nd2 Rd8 17. Ne4 Bb7 18. Rac1 Bd5 19. Nc5 Bxc5 20. Bxd5 exd5 21. dxc5
Qe6 22. Qd4 f6 23. Qf4 Nc4 24. Bd4 c6 25. Rb1 a5 26. Rb3 Rb7 27. h4 Re8 28. Kg2
Ne5 29. Rh1 Rf7 30. h5 Nc4 31. Rd1 h6 32. f3 f5 33. Rdd3 Rfe7 34. Kf2 Qf7 35.
Qh4 Re4 36. f4 Kh7 37. Rd1 Qe6 38. Rdd3 Rxd4 39. Rxd4 Nxe3 40. Qh1 Ng4+ 41. Kg2
Qe2+ 0-1

[Event "MP Reykjavik Open 2011"]
[Site "Reykjavik ISL"]
[Date "2011.03.09"]
[Round "1.55"]
[White "Michalczak, Thomas"]
[Black "Erikstad, Olav"]
[Result "1-0"]
[WhiteElo "2332"]
[BlackElo "1829"]
[PlyCount "37"]
[EventDate "2011.03.09"]
[EventType "swiss"]
[EventRounds "9"]
[EventCountry "ISL"]
[Source "lmi"]
[SourceDate "2011.03.09"]

1. e4 c6 2. d4 d5 3. Nc3 dxe4 4. Nxe4 Nf6 5. Nxf6+ exf6 6. c3 Bf5 7. Bd3 Bxd3
8. Qxd3 Qd5 9. Nf3 c5 10. O-O cxd4 11. Re1+ Be7 12. Qxd4 Qxd4 13. Nxd4 Kf8 14.
Nf5 Nc6 15. Bf4 Rd8 16. Rad1 Rxd1 17. Rxd1 Ne5 18. Bxe5 fxe5 19. Rd7 1-0

[Event "MP Reykjavik Open 2011"]
[Site "Reykjavik ISL"]
[Date "2011.03.09"]
[Round "1.56"]
[White "Van Dongen, Leo"]
[Black "Karavade, Eesha"]
[Result "0-1"]
[WhiteElo "1828"]
[BlackElo "2330"]
[PlyCount "42"]
[EventDate "2011.03.09"]
[EventType "swiss"]
[EventRounds "9"]
[EventCountry "ISL"]
[Source "lmi"]
[SourceDate "2011.03.09"]

1. e4 c5 2. Nc3 d6 3. g3 Nc6 4. Bg2 g6 5. d3 Bg7 6. Be3 Rb8 7. Qd2 b5 8. f4 b4
9. Nd1 Bb7 10. a3 a5 11. axb4 axb4 12. Ne2 Nh6 13. h3 f5 14. O-O O-O 15. e5 Qd7
16. c3 dxe5 17. fxe5 Nf7 18. d4 cxd4 19. cxd4 Rfd8 20. Nf2 Ncxe5 21. Ra7 Nc4
0-1

[Event "MP Reykjavik Open 2011"]
[Site "Reykjavik ISL"]
[Date "2011.03.09"]
[Round "1.57"]
[White "Geske, Julian"]
[Black "Sverrisson, Nokkvi"]
[Result "1-0"]
[WhiteElo "2329"]
[BlackElo "1824"]
[PlyCount "93"]
[EventDate "2011.03.09"]
[EventType "swiss"]
[EventRounds "9"]
[EventCountry "ISL"]
[Source "lmi"]
[SourceDate "2011.03.09"]

1. e4 e6 2. d4 d5 3. Nd2 c5 4. Ngf3 Nf6 5. exd5 exd5 6. Bb5+ Bd7 7. Bxd7+ Nbxd7
8. O-O Be7 9. dxc5 Nxc5 10. Nb3 Nce4 11. Bf4 O-O 12. Qd4 Bd6 13. Bxd6 Qxd6 14.
Rad1 Rac8 15. c3 Qa6 16. Nc1 Rc4 17. Qd3 Qb6 18. Qc2 Re8 19. Nd3 Rcc8 20. Qb3
Qxb3 21. axb3 a5 22. Nd4 Nc5 23. Nc1 g6 24. Nc2 Kg7 25. Rd2 Nce4 26. Rd4 b5 27.
Ne3 b4 28. cxb4 axb4 29. Rxb4 Rb8 30. Rxb8 Rxb8 31. Rd1 Rb5 32. Kf1 Kf8 33. Ke2
Ke7 34. Nc2 Rb6 35. b4 Nd6 36. Nd3 Nb7 37. Nd4 Kd6 38. Rc1 Nd7 39. f4 Nf6 40.
Rc8 Kd7 41. Rh8 Kc7 42. Ra8 Ne4 43. b5 Nbd6 44. Nb4 Nxb5 45. Nxd5+ Kb7 46. Nxb6
Nxd4+ 47. Kd3 1-0

[Event "MP Reykjavik Open 2011"]
[Site "Reykjavik ISL"]
[Date "2011.03.09"]
[Round "1.58"]
[White "Fridthjofsdottir, Sigurl  Regin"]
[Black "Stigar, Petter"]
[Result "0-1"]
[WhiteElo "1808"]
[BlackElo "2328"]
[PlyCount "98"]
[EventDate "2011.03.09"]
[EventType "swiss"]
[EventRounds "9"]
[EventCountry "ISL"]
[Source "lmi"]
[SourceDate "2011.03.09"]

1. e4 c6 2. d3 d5 3. Nd2 e5 4. g3 Nf6 5. Bg2 Bd6 6. Ngf3 O-O 7. O-O Re8 8. Re1
Nbd7 9. c3 Qc7 10. Nf1 a5 11. h4 dxe4 12. dxe4 Nc5 13. N3h2 Be6 14. Bg5 Be7 15.
Qc2 Rad8 16. Bxf6 Bxf6 17. Ne3 g6 18. b3 Bg7 19. Rad1 Rxd1 20. Rxd1 Rd8 21. Qe2
b5 22. f3 Rd7 23. Nhg4 h5 24. Nf2 Bh6 25. Nc2 Qd8 26. Bf1 Bd2 27. Kg2 Bxc3 28.
Rxd7 Qxd7 29. Qe3 Bd4 30. Nxd4 Qxd4 31. Qxd4 exd4 32. Nd3 Nxd3 33. Bxd3 Kf8 34.
f4 Ke7 35. Kf2 Kd6 36. Ke1 a4 37. bxa4 bxa4 38. a3 c5 39. Kd2 c4 40. Bc2 Bd7
41. Bd1 Bc6 42. e5+ Kc5 43. g4 hxg4 44. Bxg4 Be4 45. Bd7 c3+ 46. Kc1 d3 47. Bb5
Kd4 48. h5 d2+ 49. Kd1 Ke3 0-1

[Event "MP Reykjavik Open 2011"]
[Site "Reykjavik ISL"]
[Date "2011.03.09"]
[Round "1.59"]
[White "Kjartansson, Gudmundur"]
[Black "Johannsdottir, Johanna Bjorg"]
[Result "1-0"]
[WhiteElo "2327"]
[BlackElo "1795"]
[PlyCount "45"]
[EventDate "2011.03.09"]
[EventType "swiss"]
[EventRounds "9"]
[EventCountry "ISL"]
[Source "lmi"]
[SourceDate "2011.03.09"]

1. c4 c6 2. Nf3 Nf6 3. Nc3 d5 4. e3 e6 5. d4 Nbd7 6. Qc2 dxc4 7. Bxc4 b5 8. Be2
a6 9. O-O c5 10. Rd1 Qc7 11. Bd2 cxd4 12. Nxd4 e5 13. Ne4 Qxc2 14. Nxf6+ Nxf6
15. Nxc2 Bb7 16. Bc3 Rc8 17. a4 Ne4 18. axb5 Nxc3 19. bxc3 Rxc3 20. bxa6 Bxa6
21. Rxa6 Rxc2 22. Bb5+ Ke7 23. Rd7+ 1-0

[Event "MP Reykjavik Open 2011"]
[Site "Reykjavik ISL"]
[Date "2011.03.09"]
[Round "1.60"]
[White "Finnbogadottir, Tinna Kristin"]
[Black "Sharevich, Anna"]
[Result "0-1"]
[WhiteElo "1791"]
[BlackElo "2323"]
[PlyCount "96"]
[EventDate "2011.03.09"]
[EventType "swiss"]
[EventRounds "9"]
[EventCountry "ISL"]
[Source "lmi"]
[SourceDate "2011.03.09"]

1. e4 c5 2. c3 Nf6 3. e5 Nd5 4. d4 cxd4 5. Nf3 e6 6. cxd4 d6 7. Bc4 Nc6 8. O-O
Be7 9. Qe2 O-O 10. Nc3 Nxc3 11. bxc3 dxe5 12. dxe5 Qa5 13. Bd2 Rd8 14. Rab1 Rb8
15. Rfd1 Bd7 16. Bg5 Bxg5 17. Nxg5 Nxe5 18. Rxd7 Rxd7 19. Bb5 Rd5 20. f4 Ng6
21. Nxe6 Qxc3 22. Qe4 Rxb5 23. Rxb5 fxe6 24. Qxe6+ Kh8 25. f5 Qd4+ 26. Kf1 Qd3+
27. Qe2 Qxe2+ 28. Kxe2 Ne7 29. Ke3 Kg8 30. Ke4 Kf7 31. Ke5 b6 32. Rb3 Rd8 33.
g4 Nc6+ 34. Kf4 Rd4+ 35. Kg3 Ne5 36. h3 Rd3+ 37. Rxd3 Nxd3 38. Kf3 Kf6 39. Ke4
Nf2+ 40. Kd5 Nxh3 41. Kc6 Nf2 42. Kb7 Nxg4 43. Kxa7 h5 44. a4 h4 45. Kxb6 h3
46. a5 h2 47. a6 h1=Q 48. Ka7 Qc6 0-1

[Event "MP Reykjavik Open 2011"]
[Site "Reykjavik ISL"]
[Date "2011.03.09"]
[Round "1.61"]
[White "Lagerman, Robert"]
[Black "Hauksson, Hordur Aron"]
[Result "1-0"]
[WhiteElo "2320"]
[BlackElo "1719"]
[PlyCount "37"]
[EventDate "2011.03.09"]
[EventType "swiss"]
[EventRounds "9"]
[EventCountry "ISL"]
[Source "lmi"]
[SourceDate "2011.03.09"]

1. e4 c5 2. Nf3 Nc6 3. d4 cxd4 4. Nxd4 Qc7 5. Nb5 Qb8 6. c4 a6 7. N5c3 e6 8.
Be3 Nf6 9. Be2 Be7 10. O-O O-O 11. Na3 d5 12. cxd5 Rd8 13. Bb6 Rd7 14. dxc6
Rxd1 15. c7 Rxa1 16. Rxa1 Qxc7 17. Bxc7 Bxa3 18. bxa3 Bd7 19. Rb1 1-0

[Event "MP Reykjavik Open 2011"]
[Site "Reykjavik ISL"]
[Date "2011.03.09"]
[Round "1.62"]
[White "Helgadottir, Sigridur Bjorg"]
[Black "Ptacnikova, Lenka"]
[Result "0-1"]
[WhiteElo "1712"]
[BlackElo "2307"]
[PlyCount "66"]
[EventDate "2011.03.09"]
[EventType "swiss"]
[EventRounds "9"]
[EventCountry "ISL"]
[Source "lmi"]
[SourceDate "2011.03.09"]

1. c4 e5 2. g3 Nf6 3. Bg2 Nc6 4. Nc3 Bb4 5. Nf3 O-O 6. O-O Re8 7. d3 Bxc3 8.
bxc3 e4 9. Ng5 exd3 10. exd3 d6 11. d4 Bg4 12. Qb3 Na5 13. Qb4 c6 14. Bf4 h6
15. Nf3 Qb6 16. Bxd6 Qxb4 17. Bxb4 Nxc4 18. Rfe1 Nd5 19. Ne5 Nxb4 20. Nxg4 Nc2
21. Rxe8+ Rxe8 22. Rb1 Nd2 23. Rd1 Re2 24. Ne5 f6 25. Nd3 Ne4 26. Nf4 Nxc3 27.
Nxe2 Nxd1 28. d5 Nb4 29. d6 Kf7 30. a3 Na6 31. Nd4 Nc5 32. Bh3 g6 33. Bc8 Nc3
0-1

[Event "MP Reykjavik Open 2011"]
[Site "Reykjavik ISL"]
[Date "2011.03.09"]
[Round "1.63"]
[White "Kovachev, Daniel Jakobsen"]
[Black "Kristinardottir, Elsa Maria"]
[Result "1-0"]
[WhiteElo "2307"]
[BlackElo "1702"]
[PlyCount "77"]
[EventDate "2011.03.09"]
[EventType "swiss"]
[EventRounds "9"]
[EventCountry "ISL"]
[Source "lmi"]
[SourceDate "2011.03.09"]

1. e4 c6 2. c4 d5 3. cxd5 cxd5 4. exd5 Qxd5 5. Nc3 Qa5 6. Bc4 Nf6 7. Nf3 e6 8.
O-O Be7 9. d4 O-O 10. Bg5 h6 11. Bh4 Nc6 12. Qe2 a6 13. Rfd1 b5 14. Bb3 Bb7 15.
Ne5 Qc7 16. Rac1 b4 17. Na4 Rac8 18. Nxc6 Bxc6 19. Qxa6 g5 20. Bg3 Qb7 21. Qxb7
Bxb7 22. Nb6 Rxc1 23. Rxc1 Nd5 24. Bxd5 Bxd5 25. Rc7 Bd8 26. Nxd5 Bxc7 27. Nxc7
Rd8 28. Be5 Rc8 29. Kf1 f6 30. Bd6 Kf7 31. Ke2 Rd8 32. Bc5 Rc8 33. Na6 e5 34.
Nxb4 exd4 35. Bxd4 Ke6 36. a4 f5 37. a5 Kd6 38. a6 Ke7 39. Kd3 1-0

[Event "MP Reykjavik Open 2011"]
[Site "Reykjavik ISL"]
[Date "2011.03.09"]
[Round "1.64"]
[White "Gates, David A"]
[Black "Bisby, Daniel"]
[Result "0-1"]
[WhiteElo "1698"]
[BlackElo "2306"]
[PlyCount "42"]
[EventDate "2011.03.09"]
[EventType "swiss"]
[EventRounds "9"]
[EventCountry "ISL"]
[Source "lmi"]
[SourceDate "2011.03.09"]

1. e4 c5 2. Nf3 d6 3. Bd3 Nc6 4. c3 Nf6 5. Bc2 g5 6. d3 g4 7. Nfd2 Bg7 8. f4
gxf3 9. Nxf3 Bg4 10. h3 Be6 11. Be3 Qc7 12. Qe2 d5 13. Bxc5 Nh5 14. Qf2 dxe4
15. dxe4 O-O-O 16. Nbd2 Nf4 17. Ng5 Ne5 18. Qg3 Nfd3+ 19. Ke2 Nxc5 20. b4 Rxd2+
21. Kxd2 Nc4+ 0-1

[Event "MP Reykjavik Open 2011"]
[Site "Reykjavik ISL"]
[Date "2011.03.09"]
[Round "1.65"]
[White "Piasetski, Leon"]
[Black "Sigurdarson, Emil"]
[Result "1-0"]
[WhiteElo "2299"]
[BlackElo "1694"]
[PlyCount "87"]
[EventDate "2011.03.09"]
[EventType "swiss"]
[EventRounds "9"]
[EventCountry "ISL"]
[Source "lmi"]
[SourceDate "2011.03.09"]

1. Nf3 Nf6 2. c4 e6 3. g3 d5 4. Bg2 c5 5. O-O Nc6 6. d4 Be7 7. cxd5 exd5 8. Nc3
O-O 9. Be3 Bg4 10. h3 cxd4 11. Nxd4 Be6 12. Qa4 Qd7 13. Kh2 h5 14. Nf3 Rfd8 15.
Rad1 g6 16. Rd2 Kg7 17. Rfd1 Rh8 18. Nd4 h4 19. Nxe6+ fxe6 20. g4 Bd6+ 21. Kg1
a6 22. g5 Nh5 23. Nxd5 exd5 24. Rxd5 Rad8 25. Rxd6 Qxd6 26. Rxd6 Rxd6 27. Bxc6
Rxc6 28. Bd4+ Kh7 29. Bxh8 Kxh8 30. Qxh4 Kg8 31. Qd4 Ng7 32. Qd8+ Kh7 33. Qd7
Rb6 34. b3 Rb5 35. h4 Kh8 36. Qf7 Kh7 37. e4 b6 38. f4 Rc5 39. h5 gxh5 40. f5
Rc1+ 41. Kf2 Rc2+ 42. Ke3 Rc3+ 43. Kf4 Kh8 44. Qf8+ 1-0

[Event "MP Reykjavik Open 2011"]
[Site "Reykjavik ISL"]
[Date "2011.03.09"]
[Round "1.66"]
[White "Leosson, Atli Johann"]
[Black "Gislason, Gudmundur"]
[Result "0-1"]
[WhiteElo "1685"]
[BlackElo "2291"]
[PlyCount "68"]
[EventDate "2011.03.09"]
[EventType "swiss"]
[EventRounds "9"]
[EventCountry "ISL"]
[Source "lmi"]
[SourceDate "2011.03.09"]

1. e4 c5 2. Nf3 e6 3. d4 cxd4 4. Nxd4 Nf6 5. Bd3 a6 6. a4 Qc7 7. Nc3 b6 8. Nce2
Bb7 9. Ng3 h5 10. h4 Bd6 11. Qf3 Bxg3 12. fxg3 Qe5 13. c3 Nxe4 14. Bf4 Qd5 15.
Bxe4 Qxe4+ 16. Qxe4 Bxe4 17. O-O d5 18. Nf3 Nd7 19. Be3 f6 20. Nd4 Kf7 21. Nf3
Bxf3 22. gxf3 Rhb8 23. b4 Rc8 24. Rac1 a5 25. b5 Rc4 26. Rfd1 Rac8 27. Rd4 Rxc3
28. Rxc3 Rxc3 29. Kf2 Nc5 30. f4 Kg6 31. Ke2 Kf5 32. Rd1 Nxa4 33. Rc1 Rxc1 34.
Bxc1 Ke4 0-1

[Event "MP Reykjavik Open 2011"]
[Site "Reykjavik ISL"]
[Date "2011.03.09"]
[Round "1.67"]
[White "Mack, Wolfgang"]
[Black "Andrason, Pall"]
[Result "1-0"]
[WhiteElo "2282"]
[BlackElo "1683"]
[PlyCount "95"]
[EventDate "2011.03.09"]
[EventType "swiss"]
[EventRounds "9"]
[EventCountry "ISL"]
[Source "lmi"]
[SourceDate "2011.03.09"]

1. c4 Nf6 2. g3 g6 3. Bg2 Bg7 4. Nc3 O-O 5. e4 d6 6. Nge2 c5 7. d4 cxd4 8. Nxd4
Nc6 9. Nxc6 bxc6 10. e5 dxe5 11. Bxc6 Qxd1+ 12. Nxd1 Rb8 13. Be3 Bb7 14. Bxb7
Rxb7 15. b3 Nd7 16. Rc1 f5 17. Nc3 f4 18. Bd2 Nc5 19. O-O Rd8 20. Rfd1 Rbd7 21.
Be1 Nd3 22. Rc2 fxg3 23. hxg3 Nb4 24. Rxd7 Rxd7 25. Rd2 Rxd2 26. Bxd2 e4 27. a4
Bxc3 28. Bxc3 Nc6 29. b4 Kf7 30. b5 Nb8 31. Bd4 a6 32. Ba7 axb5 33. cxb5 Nd7
34. a5 Ke6 35. a6 Kd6 36. Bb8+ Kc5 37. Bc7 Nb6 38. Bxb6+ Kxb6 39. g4 h6 40. Kg2
Ka7 41. Kg3 e5 42. Kg2 Kb6 43. Kf1 e3 44. f3 h5 45. gxh5 gxh5 46. Ke2 h4 47.
Kxe3 h3 48. Kf2 1-0

[Event "MP Reykjavik Open 2011"]
[Site "Reykjavik ISL"]
[Date "2011.03.09"]
[Round "1.68"]
[White "Hardarson, Jon Trausti"]
[Black "Karason, Askell O"]
[Result "0-1"]
[WhiteElo "1639"]
[BlackElo "2258"]
[PlyCount "92"]
[EventDate "2011.03.09"]
[EventType "swiss"]
[EventRounds "9"]
[EventCountry "ISL"]
[Source "lmi"]
[SourceDate "2011.03.09"]

1. c4 g6 2. g3 Bg7 3. Bg2 c5 4. Nc3 Nc6 5. Nf3 d6 6. d3 e5 7. O-O Nge7 8. e4
O-O 9. a3 a5 10. Be3 Nd4 11. Nd2 Bd7 12. Rb1 a4 13. f4 Bc6 14. Nf3 h6 15. Bxd4
exd4 16. Ne2 Qd7 17. f5 g5 18. h4 gxh4 19. Nxh4 Bf6 20. Nf4 Kh7 21. Nh5 Ng8 22.
Qg4 Bg5 23. Nf3 f6 24. Nh4 Ne7 25. Nf4 Rg8 26. Qh3 Qe8 27. Ne6 Qf7 28. Nf3 Be3+
29. Kh2 Bd7 30. Nh4 Nc6 31. Nf4 Ne5 32. Nhg6 Bxf4 33. Rxf4 Nxg6 34. fxg6+ Rxg6
35. Qh4 Qg7 36. e5 dxe5 37. Rf3 Bc6 38. Rf2 Bxg2 39. Rxg2 Rg4 40. Qh5 Rg8 41.
Qf5+ Qg6 42. Qf3 f5 43. Qxb7+ Rg7 44. Qf3 e4 45. Qf2 e3 46. Qf3 f4 0-1

[Event "MP Reykjavik Open 2011"]
[Site "Reykjavik ISL"]
[Date "2011.03.09"]
[Round "1.69"]
[White "Reipsch, Jens"]
[Black "Brynjarsson, Eirikur Orn"]
[Result "1-0"]
[WhiteElo "2247"]
[BlackElo "1626"]
[PlyCount "37"]
[EventDate "2011.03.09"]
[EventType "swiss"]
[EventRounds "9"]
[EventCountry "ISL"]
[Source "lmi"]
[SourceDate "2011.03.09"]

1. e4 e5 2. Nf3 Nc6 3. Bc4 Bc5 4. c3 d6 5. b4 Bb6 6. a4 a6 7. d3 h6 8. Be3 Nge7
9. Nbd2 O-O 10. Bb3 Ng6 11. Bxb6 cxb6 12. Nc4 Be6 13. Ne3 Rc8 14. O-O Nf4 15.
g3 Nh3+ 16. Kg2 Ng5 17. Nxg5 Qxg5 18. Nd5 Ne7 19. h4 1-0

[Event "MP Reykjavik Open 2011"]
[Site "Reykjavik ISL"]
[Date "2011.03.09"]
[Round "1.70"]
[White "Ragnarsson, Dagur"]
[Black "Holm, Kristian Stuvik"]
[Result "1/2-1/2"]
[WhiteElo "1625"]
[BlackElo "2240"]
[PlyCount "118"]
[EventDate "2011.03.09"]
[EventType "swiss"]
[EventRounds "9"]
[EventCountry "ISL"]
[Source "lmi"]
[SourceDate "2011.03.09"]

1. c4 e5 2. g3 Nf6 3. Bg2 d5 4. cxd5 Nxd5 5. Nc3 Nb6 6. Nf3 Nc6 7. d3 Be7 8.
O-O O-O 9. b3 Be6 10. Bb2 f6 11. Rc1 Qd7 12. Re1 Rfd8 13. Ne4 a5 14. Nfd2 a4
15. Nc5 Bxc5 16. Rxc5 axb3 17. axb3 Bd5 18. Bxd5+ Nxd5 19. Qc1 Ra2 20. Ne4 Nce7
21. Nc3 Nxc3 22. Qxc3 Nd5 23. Qc2 b6 24. Rc4 Rda8 25. e4 b5 26. Rc5 Nb4 27. Qc3
Qd4 28. Qxd4 exd4 29. Bxd4 Nxd3 30. Rec1 Nxc1 31. Rxc1 Re8 32. Re1 Rd8 33. Bc5
Kf7 34. b4 Rad2 35. Kg2 Ke6 36. Ra1 Ke5 37. Ra7 R8d7 38. Rb7 Kxe4 39. Rxb5 g5
40. g4 R2d5 41. Ra5 Kf4 42. h3 f5 43. gxf5 Kxf5 44. Ra8 h5 45. Rh8 h4 46. Rf8+
Ke6 47. Re8+ Kf5 48. Rf8+ Kg6 49. Rg8+ Kh7 50. Re8 Kg6 51. Rg8+ Rg7 52. Re8 Kf5
53. Rf8+ Ke4 54. f3+ Kd3 55. Re8 Kc4 56. Re4+ Kb5 57. Rg4 Rgd7 58. Be3 Re7 59.
Kf2 Rde5 1/2-1/2

[Event "MP Reykjavik Open 2011"]
[Site "Reykjavik ISL"]
[Date "2011.03.09"]
[Round "1.71"]
[White "Thorgeirsson, Sverrir"]
[Black "Hauksdottir, Hrund"]
[Result "1-0"]
[WhiteElo "2233"]
[BlackElo "1554"]
[PlyCount "63"]
[EventDate "2011.03.09"]
[EventType "swiss"]
[EventRounds "9"]
[EventCountry "ISL"]
[Source "lmi"]
[SourceDate "2011.03.09"]

1. d4 d5 2. c4 c6 3. Nf3 Nf6 4. e3 dxc4 5. Bxc4 Bf5 6. Qb3 e6 7. Qxb7 Nbd7 8.
Qxc6 Be7 9. Nc3 O-O 10. Qa6 Nb6 11. Bd3 Bxd3 12. Qxd3 Nbd5 13. O-O Rc8 14. e4
Nb4 15. Qe2 Qb6 16. a3 Nc6 17. d5 Nd4 18. Nxd4 Qxd4 19. Be3 Qe5 20. f4 Qb8 21.
d6 Bd8 22. e5 Nd7 23. Rac1 Bb6 24. b4 Rc6 25. Na4 Rfc8 26. Nxb6 Nxb6 27. Rxc6
Rxc6 28. Qb5 Qc8 29. Bxb6 axb6 30. Qd3 Qd7 31. Qd2 h6 32. Rc1 1-0

[Event "MP Reykjavik Open 2011"]
[Site "Reykjavik ISL"]
[Date "2011.03.09"]
[Round "1.72"]
[White "Johannesson, Oliver"]
[Black "Spaan, Nathanael"]
[Result "0-1"]
[WhiteElo "1554"]
[BlackElo "2228"]
[PlyCount "90"]
[EventDate "2011.03.09"]
[EventType "swiss"]
[EventRounds "9"]
[EventCountry "ISL"]
[Source "lmi"]
[SourceDate "2011.03.09"]

1. e4 c5 2. c3 d5 3. exd5 Qxd5 4. d4 Nf6 5. Nf3 Bg4 6. Be2 e6 7. O-O Nc6 8. Bf4
Be7 9. Qa4 O-O 10. Rd1 cxd4 11. cxd4 Nb4 12. Nc3 Qd8 13. Rac1 Nbd5 14. Bg3 a6
15. a3 Rc8 16. Qb3 Qb6 17. Qxb6 Nxb6 18. h3 Bh5 19. Nd2 Rxc3 20. Rxc3 Bxe2 21.
Rdc1 Nfd5 22. Rb3 Bg5 23. f4 Bf6 24. Bf2 Bb5 25. g3 Ba4 26. Rf3 Rc8 27. Rxc8+
Nxc8 28. b3 Bb5 29. Nc4 a5 30. a4 Ba6 31. g4 b6 32. g5 Be7 33. Be1 g6 34. Kf2
Nd6 35. Nxd6 Bxd6 36. Bd2 Bb7 37. Kg3 Ne7 38. Rd3 Bd5 39. Be3 Kg7 40. Kf2 Kf8
41. Bd2 Ke8 42. Ke2 Kd7 43. Rc3 Nf5 44. Be3 Bb4 45. Rd3 Be4 0-1

[Event "MP Reykjavik Open 2011"]
[Site "Reykjavik ISL"]
[Date "2011.03.09"]
[Round "1.73"]
[White "Einarsson, Halldor Gretar"]
[Black "Kjartansson, Dagur"]
[Result "1-0"]
[WhiteElo "2220"]
[BlackElo "1517"]
[PlyCount "77"]
[EventDate "2011.03.09"]
[EventType "swiss"]
[EventRounds "9"]
[EventCountry "ISL"]
[Source "lmi"]
[SourceDate "2011.03.09"]

1. d4 Nf6 2. c4 g6 3. Nc3 d5 4. Nf3 c6 5. e3 Bg7 6. Bd3 O-O 7. O-O Bg4 8. h3
Bxf3 9. Qxf3 dxc4 10. Bxc4 Nbd7 11. Rd1 Nb6 12. Bb3 e6 13. e4 Nfd7 14. Bf4 Qe7
15. Qg3 e5 16. Bg5 Bf6 17. Bxf6 Qxf6 18. d5 Nc5 19. Bc2 Rfd8 20. b4 Na6 21.
dxc6 bxc6 22. a3 Nc7 23. Rxd8+ Rxd8 24. Rd1 Rxd1+ 25. Nxd1 Nb5 26. Ne3 Qd6 27.
Nf5 Qd2 28. Bd3 Kf8 29. Bxb5 cxb5 30. Ne3 Qd4 31. Qh4 h5 32. Nd5 Kg8 33. Qd8+
Kg7 34. Qf6+ Kh7 35. Qxf7+ Kh6 36. Qf8+ Kg5 37. Qf6+ Kh6 38. h4 Kh7 39. Qf7+
1-0

[Event "MP Reykjavik Open 2011"]
[Site "Reykjavik ISL"]
[Date "2011.03.09"]
[Round "1.74"]
[White "Stefansson, Vignir Vatnar"]
[Black "Thorsteinsson, Thorsteinn"]
[Result "0-1"]
[WhiteElo "1501"]
[BlackElo "2220"]
[PlyCount "30"]
[EventDate "2011.03.09"]
[EventType "swiss"]
[EventRounds "9"]
[EventCountry "ISL"]
[Source "lmi"]
[SourceDate "2011.03.09"]

1. d4 Nf6 2. c4 g6 3. Nc3 Bg7 4. e4 d6 5. f4 O-O 6. Nf3 c5 7. d5 e6 8. e5 dxe5
9. fxe5 Ng4 10. Bf4 exd5 11. h3 Nxe5 12. Nxe5 Bxe5 13. Bxe5 Re8 14. Qxd5 Qh4+
15. Ke2 Nc6 0-1

[Event "MP Reykjavik Open 2011"]
[Site "Reykjavik ISL"]
[Date "2011.03.09"]
[Round "1.75"]
[White "Omarsson, Dadi"]
[Black "Sigurdsson, Birkir Karl"]
[Result "1-0"]
[WhiteElo "2214"]
[BlackElo "1481"]
[PlyCount "99"]
[EventDate "2011.03.09"]
[EventType "swiss"]
[EventRounds "9"]
[EventCountry "ISL"]
[Source "lmi"]
[SourceDate "2011.03.09"]

1. e4 c5 2. Nf3 g6 3. d4 Bg7 4. dxc5 Qa5+ 5. c3 Qxc5 6. Na3 a6 7. Nc4 b5 8. Be3
Qc7 9. Nb6 Bb7 10. Nxa8 Bxa8 11. Bd3 Nf6 12. Qc2 O-O 13. h3 d6 14. O-O Nbd7 15.
Nd2 Nc5 16. Rae1 Rc8 17. Qb1 Nfd7 18. Bc2 Bb7 19. Nb3 a5 20. Rd1 a4 21. Nxc5
Nxc5 22. Bd4 Ne6 23. Bxg7 Kxg7 24. a3 Qb6 25. Qc1 Qa7 26. Qd2 Qc5 27. Kh2 Qc7
28. Kg1 Qc5 29. Rfe1 Qg5 30. Qxg5 Nxg5 31. e5 d5 32. Rd4 Ne6 33. Rb4 Bc6 34.
Bd3 Nc7 35. f4 Na6 36. Rd4 Nc5 37. Bb1 e6 38. Kf2 Nb3 39. Rdd1 Nc5 40. g4 Bb7
41. Ke3 Nd7 42. Bd3 Bc6 43. Kd4 h6 44. h4 Rc7 45. Re2 Rc8 46. Rh1 Rh8 47. h5
Rf8 48. Reh2 Rh8 49. g5 gxh5 50. Rxh5 1-0

[Event "MP Reykjavik Open 2011"]
[Site "Reykjavik ISL"]
[Date "2011.03.09"]
[Round "1.76"]
[White "Johannesson, Kristofer Joel"]
[Black "Vovk, Oksana"]
[Result "0-1"]
[WhiteElo "1437"]
[BlackElo "2204"]
[PlyCount "52"]
[EventDate "2011.03.09"]
[EventType "swiss"]
[EventRounds "9"]
[EventCountry "ISL"]
[Source "lmi"]
[SourceDate "2011.03.09"]

1. d4 Nf6 2. c4 e6 3. Nf3 Bb4+ 4. Nc3 c5 5. e3 Nc6 6. a3 Bxc3+ 7. bxc3 d6 8.
Bd3 e5 9. d5 Ne7 10. e4 Ng6 11. Be3 O-O 12. h3 Nh5 13. g3 Qa5 14. Bd2 Bd7 15.
Bc2 Nf6 16. Ng1 Qa6 17. Qe2 b5 18. Bd3 bxc4 19. Bxc4 Qa4 20. Bg5 Qa5 21. Bd2
Rab8 22. Nf3 Rb2 23. Qd3 Ba4 24. Ra2 Bc2 25. Qxc2 Rxc2 26. Rxc2 Nxe4 0-1